• 首页
  • 本馆介绍
  • 公告通知
  • 最新文献
  • 馆藏检索
  • 电子资源
  • 读者导购
  • 参考咨询
  • 我的图书馆
  • 登录
  • 详细信息显示
  • 放入我的书架
  • 预约/预借图书
  • 作者相关作品
  • 分类相关作品
  • 丛书相关作品
  • 出版社相关作品

书目信息

  • 表格格式
  • 工作单格式
  • 卡片格式
题名:
古希腊三大悲剧家研究
    
 
作者: 陈洪文 , 水建馥 选编
分册:  
出版信息: 北京   中国社会科学出版社  1986
页数: 553页
开本: 20cm
丛书名: 外国文学研究资料丛刊
单 册:
中图分类: I106.3
科图分类:
主题词: 戏剧文学--文学研究--世界 , 戏剧文学--文学评论--世界
电子资源:
ISBN:
000 00836nam2 2200277 45
001 0186005790
005 20050325114352.0
010    @dCNY3.65
091    @a10190.185
100    @a19951110d1986 em y0chiy0121 ea
101 0  @achi
102    @aCN@b110000
105    @ay z 000yy
200 10 @a古希腊三大悲剧家研究@Agu xi la san da bei ju jia yan jiu@f陈洪文,水建馥选编@FChen Hong Wen,Shui Jian Fu Xuan Bian
210    @a北京@c中国社会科学出版社@d1986
215    @a553页@d20cm
225 2  @a外国文学研究资料丛刊
410  0 @120010@a外国文学研究资料丛刊
606 0  @a戏剧文学@x文学研究@y世界
606 0  @a戏剧文学@x文学评论@y世界
690    @aI106.3@v3
701  0 @a陈洪文@4选编
701  0 @a水建馥@4选编
801  0 @aCN@b深圳图书馆@c20040426
801  2 @aCN@bNLC@c20040426
905    @dI106.3@e46@f1@f1@b165921@b165920
    
    古希腊三大悲剧家研究/陈洪文,水建馥选编.-北京:中国社会科学出版社,1986
    553页;20cm.-(外国文学研究资料丛刊)
    
    
    ISBN :CNY3.65
    
●
相关链接 在E读中查询图书 在五车中查询图书 在当当中查询图书 在豆瓣中查询图书


正题名:古希腊三大悲剧家研究     索取号:I106.3/46         预约/预借

序号 登录号 条形码 馆藏地/架位号 状态 备注
1 0165920   002015642   密集书库/ [索取号:I106.3/46] 在馆    
2 0165921   002015606   密集书库/ [索取号:I106.3/46] 在馆    
3 0165922   000218990   第一样本阅览室/ [索取号:I106.3/46] 在馆    
4 0247091   000218945   密集书库/ [索取号:I106.3/46] 在馆    
5 0247092   000218909   第二借阅区/ [索取号:I106.3/46] 在馆    
6 0247093   000218936   密集书库/ [索取号:I106.3/46] 在馆    
7 0247094   000218892   密集书库/ [索取号:I106.3/46] 在馆    
8 0247095   000219007   密集书库/ [索取号:I106.3/46] 在馆    
唐山师范学院图书馆 欢迎您!
大连网信软件有限公司© 版权所有